30 titres de chansons en Q - Statistiques

Statistiques générales
  • Ce quiz a été pris 31 fois
  • Le résultat moyen est 6 sur 30
Statistiques - réponses
Hint Réponse % Correct
Patrick Bruel Qui à le droit
83%
Johnny Hallyday Que je t'aime
52%
Jean-Jacques Goldman Quand la musique est bonne
45%
Orelsan La quête
41%
M Qui de nous deux
41%
Mike Brant Qui saura
34%
Carla Bruno Quelqu'un m'a dit
31%
Marc Lavoine et Catherine Ringer Qu'est-ce que t'es belle
31%
Patrick Fiori Que tu reviennes
31%
Daniel Balavoine Quand on arrive en ville
24%
Jean-Patrick Capdevielle Quand t'es dans le désert
24%
Demis Roussos Quand je t'aime
21%
Jacques Brel Quand on n'a que l'amour
21%
Michel Delpech Quand j'étais chanteur
14%
Dany Brillant Quand je vois tes yeux
14%
Benabar Quatre murs et un toit
14%
Rohff Qui est l'exemple
14%
Patricia Kaas Quand Jimmy dit
10%
Michel Berger Quelques mots d'amour
10%
Pierre Vassiliu Qui c'est celui-là
10%
Julien Clerc Quand je joue
7%
Alain Souchon Quand j'serai KO
7%
Niagara Quand la ville dort
7%
Charles Aznavour Que c'est triste Venise
7%
La fouine Quand je partirai
3%
Richard Cocciante et Fabienne Thibeault Question de feeling
3%
Les enfoirés Quand les hommes vivront d'amour
0%
Angèle Que du love
0%
Willy Denzey Que vous dire
0%
Mc Solaar Qui sème le vent récolte le tempo
0%
Aucun quiz correspondant
Distribution des résultats
% des personnes avec chaque résultat
Percentile par nombre de réponses
Votre historique - résultats
Vous n’avez pas pris ce quiz